000
00300nam a2200109Ia 4500
008
220204s9999 xx 000 0 und d
082
_a
003
_b
REA;1
245
0
_a
Reader's digest great events of the 20th century
260
_a
New York
_b
Readers Digest
_c
1977
700
_a
Marshall, Richard
942
_c
BK
999
_c
31463
_d
31463